000234084 001__ 234084
000234084 005__ 20200923173105.0
000234084 0247_ $$2I:(DE-Juel1)JSC-20090406$$aG:(DE-Juel1)jara0205_20191101
000234084 035__ $$aG:(DE-Juel1)jara0205_20191101
000234084 150__ $$aQuantum Monte Carlo Simulations of Magnetic Phase Transitions$$y2019-11-01 - 2020-10-31
000234084 371__ $$aWessel, Stefan$$bAachen$$cInstitute for Theoretical Solid State Physics RWTH Aachen University$$dGermany$$e52074
000234084 372__ $$aQuantum Monte Carlo Simulations of Magnetic Phase Transitions$$s2019-11-01$$t2020-10-31
000234084 5101_ $$aVSR/JARA$$wt
000234084 680__ $$aJSC computation time grant
000234084 681__ $$a307 - Condensed Matter Physics
000234084 909CO $$ooai:juser.fz-juelich.de:884516$$pauthority$$pauthority:GRANT
000234084 909CO $$ooai:juser.fz-juelich.de:884516
000234084 980__ $$aG
000234084 980__ $$aAUTHORITY